[Event "It (open) "]
[Site "Jyvaskyla (Finland)"]
[Round "5"]
[White "Kekki Petri (FIN)"]
[Black "Kiik Kalle (EST)"]
[Result "0-1"]
[WhiteElo "2250"]
[BlackElo "2410"]

1.d4 d6 2.c4 e5 3.Nf3 exd4 4.Nxd4 g6 5.g3 Bg7 6.Bg2 Ne7 7.e4 Nbc6 8.Ne2 Be6
9.Nd2 g5 10.Qb3 Qd7 11.f4 gxf4 12.gxf4 Bg4 13.Bf3 h5 14.Rg1 Bf6 15.Nf1 O-O-O
16.Bxg4 hxg4 17.Be3 Qe6 18.O-O-O Qxe4 19.Nc3 Bxc3 20.Qxc3 d5 21.Ng3 Qxc4
22.Qxc4 dxc4 23.Rxd8+ Rxd8 24.f5 Nd5 25.Nf1 Ne5 26.Bd4 Nf4 {#R} 0-1

[Event "It (open)"]
[Site "Espoo (Finland)"]
[Round "4"]
[White "Kekki Petri (FIN)"]
[Black "Salmensuu Olli (FIN)"]
[Result "0-1"]
[WhiteElo "2250"]
[BlackElo "2380"]

1.d4 d6 2.Nf3 g6 3.g3 Bg7 4.Bg2 Nc6 5.O-O e5 6.d5 Nce7 7.c4 h6 8.Nc3 f5 9.e4
Nf6 10.Ne1 O-O 11.Nd3 Kh7 12.Qe2 Rb8 13.Bd2 c6 14.f3 b5 15.b3 bxc4 16.bxc4 Ba6
17.dxc6 Bxc4 18.Rfc1 Nxc6 19.Qe3 Nd4 20.Nd1 Be6 21.N1f2 Qb6 22.h3 Nh5 23.f4
Nxg3 24.Kh2 Nxe4 25.Nxe4 fxe4 26.Bxe4 Bf5 27.fxe5 Bxe4 28.Qxe4 Nf3+ {#R} 0-1

[Event "It (open) "]
[Site "Honolulu (USA)"]
[Round "0"]
[White "Baburin Alexander (IRL)"]
[Black "Polihroniade Elisabeta (ROM)"]
[Result "1-0"]
[WhiteElo "2570"]
[BlackElo "2195"]

1.d4 d6 2.Nf3 Nd7 3.c4 e5 4.Nc3 g6 5.g3 Bg7 6.Bg2 Ne7 7.O-O O-O 8.e4 exd4
9.Nxd4 Ne5 10.b3 N7c6 11.Nde2 f5 12.f4 Ng4 13.h3 Nh6 14.Rb1 fxe4 15.g4 Nb4
16.Nxe4 Nxa2 17.Ba3 a5 18.Ra1 Bxa1 19.Qxa1 Bxg4 20.hxg4 Nb4 21.Qc3 Nxg4 22.Bb2
{#r} 1-0

[Event "Ch Russia (1/2 final)"]
[Site "Perm (Russia)"]
[Round "5"]
[White "Gavrjushin Oleg (KAZ)"]
[Black "Genba Vladimir (RUS)"]
[Result "0-1"]
[WhiteElo "2270"]
[BlackElo "2450"]

1.d4 d6 2.Nf3 g6 3.c4 Bg7 4.Nc3 Bg4 5.g3 Bxf3 6.exf3 Nc6 7.d5 Nd4 8.Bg2 c5
9.O-O Nh6 10.Bg5 O-O 11.Qd2 Nhf5 12.Rfe1 h6 13.Bf4 e5 14.dxe6 fxe6 15.Qd3 Nh4
16.Ne2 Nxg2 17.Kxg2 e5 18.Nxd4 cxd4 19.Bd2 Qf6 20.a4 Rac8 21.a5 Rc7 22.Re2 Qf5
23.Re4 Qc8 24.Ra3 Rxc4 25.Rg4 g5 26.h4 d5 27.hxg5 e4 {#R} 0-1

[Event "Tournament"]
[Site "Aarhus (Denmark)"]
[Round "6"]
[White "Jensen Jacob Bjerre (DEN)"]
[Black "Windelboe Werner (DEN)"]
[Result "1-0"]
[WhiteElo "2160"]
[BlackElo "2135"]

1.d4 d6 2.Nf3 g6 3.c4 Bg7 4.Nc3 Bg4 5.e3 Nd7 6.Be2 e5 7.O-O Ne7 8.d5 O-O 9.Ne1
Bxe2 10.Qxe2 f5 11.e4 h6 12.f3 g5 13.Nd3 Ng6 14.g3 h5 15.exf5 Rxf5 16.Ne4 Kh7
17.Be3 Bh6 18.Qd2 Qf8 19.Bxg5 Rxf3 20.Bxh6 Rxd3 21.Rxf8 {#r} 1-0

[Event "It (open)"]
[Site "Chemnitz (Germany)"]
[Round "1"]
[White "Kapp Martin (GER)"]
[Black "Spiess Gunter (GER)"]
[Result "0-1"]
[WhiteElo "2220"]
[BlackElo "2405"]

1.d4 d6 2.Nf3 Bg4 3.b3 Bxf3 4.gxf3 g6 5.Nc3 Bg7 6.Ne4 d5 7.Nc5 b6 8.Na4 e6
9.Bf4 Ne7 10.h4 Nf5 11.Bg5 Qd6 12.c3 h6 13.Bc1 e5 14.Bb2 exd4 15.cxd4 Nxd4
16.e3 Qb4+ {#R} 0-1

[Event "Oberliga NRW 1997/98"]
[Site "Germany"]
[Round "7"]
[White "Hubert Ralf (GER)"]
[Black "Luetke Jens (GER)"]
[Result "1-0"]
[WhiteElo "2355"]
[BlackElo "2250"]

1.d4 d6 2.Nf3 Bg4 3.Qd3 c6 4.Nc3 d5 5.Ne5 Bh5 6.Qh3 Nf6 7.g4 Bg6 8.Nxg6 fxg6
9.g5 Nh5 10.e4 dxe4 11.Bc4 Na6 12.Be3 Qa5 13.d5 Nc7 14.O-O-O b5 15.Be2 b4
16.dxc6 e6 17.Nb5 Be7 18.Rd7 O-O 19.Nxc7 {#r} 1-0

[Event "It (open) "]
[Site "Hawaii (USA)"]
[Round "3"]
[White "Gross Ronald Joseph (USA)"]
[Black "Benjamin Joel (USA)"]
[Result "0-1"]
[WhiteElo "2115"]
[BlackElo "2595"]

1.d4 d6 2.c4 e5 3.dxe5 dxe5 4.Qxd8+ Kxd8 5.Nc3 Be6 6.e4 Nd7 7.f4 exf4 8.Bxf4
Bb4 9.Nf3 Ngf6 10.Bd3 Bxc3+ 11.bxc3 Nc5 12.O-O-O Kc8 13.Rhe1 Nxd3+ 14.Rxd3
Bxc4 15.Rd2 Re8 16.e5 Nd5 17.Re4 Nb6 18.Red4 h6 19.g4 c5 20.Re4 Bd5 21.Re3 g5
22.Bg3 Nc4 23.Rxd5 Nxe3 24.Rxc5+ Kd8 25.h3 Rc8 26.Ra5 Rxc3+ 27.Kd2 Nc4+ {#R}
0-1

[Event "It (open) "]
[Site "Slovakia"]
[Round "9"]
[White "Sergeev Vladimir (UKR)"]
[Black "Novak Ivan (SVK)"]
[Result "1-0"]
[WhiteElo "2440"]
[BlackElo "2290"]

1.d4 d6 2.g3 Nd7 3.Bg2 e5 4.c4 g6 5.Nf3 Bg7 6.Nc3 Ne7 7.h4 h6 8.e3 O-O 9.b3
exd4 10.Nxd4 d5 11.cxd5 Nb6 12.Ba3 Re8 13.d6 Nf5 14.Ncb5 Nxd6 15.Nxd6 cxd6
16.Rc1 a6 17.h5 gxh5 18.Rxh5 Qf6 19.Rh4 Qg6 20.Kf1 Re5 21.Qd2 Rb8 22.Ne2 Bf8
23.Nf4 Qf6 24.Qd4 Nd7 25.Nd5 Qg6 26.Bb2 f5 {#r} 1-0

[Event "Ch Scotland"]
[Site "Largs (Scotland)"]
[Round "2"]
[White "Grant Alan (SCO)"]
[Black "Hopper Paul (SCO)"]
[Result "1-0"]
[WhiteElo "2133"]
[BlackElo "2091"]

1.d4 d6 2.Bg5 g6 3.Nc3 c6 4.Qd2 Nd7 5.e4 Bg7 6.Nf3 b5 7.Bd3 Qc7 8.O-O b4 9.Ne2
c5 10.c3 Qb6 11.a3 b3 12.Rfe1 Bb7 13.Rad1 Qc7 14.dxc5 dxc5 15.Bc4 Bxe4 16.Nf4
Bxf3 17.gxf3 Nb6 18.Nd5 Qd6 19.Bxe7 Nxe7 20.Nf6+ Qxf6 21.Bb5+ {#r} 1-0

[Event "It (open)"]
[Site "Vienna (Austria)"]
[Round "9"]
[White "Posch Werner (AUT)"]
[Black "Stuhlik Marko (AUT)"]
[Result "1-0"]
[WhiteElo "2295"]
[BlackElo "2110"]

1.d4 d6 2.Nf3 g6 3.Bf4 Bg7 4.Nbd2 Nf6 5.h3 Nbd7 6.e4 Nh5 7.Be3 e5 8.c3 O-O
9.Bc4 Nf4 10.O-O Nb6 11.Bb3 Qe7 12.Bxf4 exf4 13.Re1 g5 14.a4 a5 15.Qe2 Bd7
16.Qd3 Qf6 17.e5 Qh6 18.Bc2 Rfe8 19.Ne4 Bf5 20.exd6 cxd6 21.Qb5 d5 22.Nf6+
Qxf6 23.Rxe8+ Rxe8 24.Qxe8+ Bf8 25.Bxf5 Qxf5 26.Ne5 Kg7 27.b3 Nc8 28.Nd7 {#r}
1-0

[Event "Ch Portugal"]
[Site "Lisbon (Portugal)"]
[Round "4"]
[White "Pinho Paulo (POR)"]
[Black "Charneira Hermenegildo (POR)"]
[Result "0-1"]
[WhiteElo "2150"]
[BlackElo "2140"]

1.d4 d6 2.c4 e5 3.Nf3 Bg4 4.Qb3 Nd7 5.Qxb7 Ngf6 6.Nc3 Be7 7.Nb5 Rc8 8.Nxa7 Rb8
9.Qc6 O-O 10.Nb5 d5 11.Qxc7 Bb4+ 12.Bd2 Qe7 13.a3 Bxd2+ 14.Nxd2 dxc4 15.Qd6
Qd8 16.dxe5 Rxb5 17.exf6 Qa5 18.Qd4 Nxf6 19.Qc3 Qc7 20.e4 Rxb2 21.f3 Rd8
22.Nxc4 Rbd2 23.Qe3 R2d4 24.Rc1 Be6 25.Qc3 Nxe4 26.fxe4 Rxe4+ 27.Ne3 Qf4
28.Be2 Rxe3 {#R} 0-1

[Event "It (open)"]
[Site "Bad Wiessee (Germany)"]
[Round "9"]
[White "Schmitzer Peter (GER)"]
[Black "Maier Alexander (GER)"]
[Result "0-1"]
[WhiteElo "2051"]
[BlackElo "2410"]

1.d4 d6 2.Bg5 Nd7 3.e4 Ngf6 4.Nc3 e5 5.Bc4 Be7 6.Nge2 O-O 7.Qd2 c6 8.dxe5 dxe5
9.a3 h6 10.Bxh6 gxh6 11.Qxh6 Nh7 12.Rd1 Bc5 13.b4 Bb6 14.Rd6 Kh8 15.h4 Qe7
16.Rh3 Nf6 17.Rg3 Ng4 18.Rxg4 Bxg4 19.Ng3 Rad8 20.Rxd8 Qxd8 21.f3 Be6 22.Bxe6
fxe6 23.Qxe6 Qd4 24.Nge2 Qf2+ 25.Kd1 Bd4 26.Kc1 Qxg2 {#R} 0-1

[Event "Ch Germany (seniors) (open)"]
[Site "Weilburg (Germany)"]
[Round "5"]
[White "Hincke Guenter (GER)"]
[Black "Breustedt Werner (GER)"]
[Result "0-1"]
[WhiteElo "2028"]
[BlackElo "2230"]

1.d4 d6 2.c4 e5 3.dxe5 dxe5 4.Qxd8+ Kxd8 5.Nc3 Be6 6.b3 Nd7 7.Nf3 f6 8.g3 Bb4
9.Bb2 c6 10.Bg2 Nh6 11.O-O Nf7 12.Rfd1 Re8 13.a3 Bf8 14.Rac1 Kc7 15.Nd5+ Kb8
16.Ne3 a5 17.Nd2 Nc5 18.Ba1 Rd8 19.Rb1 Kc7 20.b4 axb4 21.axb4 Ra2 22.Nef1 Na4
23.b5 Bf5 24.e4 Bg4 25.Nf3 Bc5 26.Ne3 Bxe3 27.fxe3 Rxd1+ 28.Rxd1 Ng5 {#R} 0-1

[Event "Cup Russia"]
[Site "Nizhnij Novgorod (Russia)"]
[Round "1"]
[White "Sazanova Julia (RUS)"]
[Black "Novgorodskij Vladimir (RUS)"]
[Result "0-1"]
[WhiteElo "2205"]
[BlackElo "2405"]

1.d4 d6 2.e3 e5 3.dxe5 dxe5 4.Qxd8+ Kxd8 5.e4 Be6 6.Be3 Nf6 7.f3 Nbd7 8.Nd2
Bc5 9.Kf2 Ke7 10.Nc4 Rhd8 11.Bd3 Bxc4 12.Bxc4 Bxe3+ 13.Kxe3 Nb6 14.Bb3 a5
15.a4 c5 16.c3 Rd6 17.Ne2 Rad8 18.Kf2 Rd2 19.Rab1 c4 20.Bd1 Nfd7 21.b3 Nc5
22.bxc4 Nxc4 23.h4 Nb2 {#R} 0-1

[Event "Tournament"]
[Site "Helsinki (Finland)"]
[Round "2"]
[White "Johansson Jukka (FIN)"]
[Black "Verkasalo Tommi (FIN)"]
[Result "0-1"]
[WhiteElo "2096"]
[BlackElo "2187"]

1.d4 d6 2.Nf3 Bg4 3.e4 Nf6 4.Bd3 e5 5.c3 Be7 6.Nbd2 c6 7.O-O Nbd7 8.Re1 Nf8
9.h3 Bh5 10.Qb3 Qc7 11.a4 g5 12.dxe5 dxe5 13.Nxg5 Rg8 14.Ngf3 Ne6 15.Kh2 Rxg2+
16.Kxg2 Nf4+ 17.Kh2 Nxd3 18.Re3 Nxf2 19.Kg2 Bc5 20.Kxf2 O-O-O 21.Qc4 Qd6 22.b4
Bxe3+ 23.Kxe3 Nd7 24.a5 Qh6+ 25.Kf2 Rg8 26.Qf1 Qf4 27.Ke2 Nf6 28.Qf2 {#R} 0-1

[Event "Ch World (seniors)"]
[Site "Grieskirchen (Austria)"]
[Round "9"]
[White "Oud Nicolas (NED)"]
[Black "Dornieden Manfred Dr (GER)"]
[Result "0-1"]
[WhiteElo "2021"]
[BlackElo "2270"]

1.d4 d6 2.Nf3 g6 3.c4 Bg7 4.Nc3 e5 5.Bg5 f6 6.Be3 Ne7 7.Qd2 Nf5 8.O-O-O O-O
9.Rg1 Nc6 10.g4 Nxe3 11.Qxe3 exd4 12.Nxd4 Re8 13.Nxc6 bxc6 14.Qd2 Rb8 15.c5 d5
16.e4 Qe7 17.exd5 Qxc5 18.dxc6 Be6 19.Bg2 f5 20.Bd5 fxg4 21.Rxg4 Kh8 22.Rc4
Qd6 23.Bxe6 Qxe6 24.Qd5 Qf6 25.f4 Re2 26.Rb4 Rxb2 27.Rxb2 Qxc3+ 28.Rc2 Rb1+
{#R} 0-1

[Event "It (open)"]
[Site "Reykjavik (Iceland)"]
[Round "9"]
[White "Jonatansson Helgi E (ISL)"]
[Black "Leosson Torfi (ISL)"]
[Result "1-0"]
[WhiteElo "2089"]
[BlackElo "2175"]

1.d4 d6 2.Nf3 Bg4 3.h3 Bxf3 4.exf3 Nf6 5.Bd3 g6 6.O-O Bg7 7.Re1 O-O 8.Bg5 c5
9.dxc5 dxc5 10.Nc3 Nbd7 11.Qe2 e6 12.Rad1 a6 13.Ne4 Qc7 14.c4 h6 15.Bh4 Nxe4
16.fxe4 Ne5 17.Bg3 Qe7 18.Bb1 Rfd8 19.b3 Nc6 20.Kh1 Rd4 21.Rxd4 cxd4 22.e5 Qb4
23.f4 Qc3 24.Bf2 Rd8 25.Rd1 Nb4 26.Be1 {#r} 1-0

[Event "It (open)"]
[Site "Skopje (Macedonia)"]
[Round "1"]
[White "Besheva Svetla (BUL)"]
[Black "Nikolov Sasho (BUL)"]
[Result "0-1"]
[WhiteElo "2152"]
[BlackElo "2400"]

1.d4 d6 2.Nf3 Bg4 3.e4 Nd7 4.Bc4 e6 5.h3 Bh5 6.Nc3 c6 7.a4 d5 8.exd5 cxd5
9.Bd3 Bd6 10.Qe2 Ne7 11.Nb5 Bb8 12.Bg5 a6 13.Nc3 Bd6 14.O-O O-O 15.Rfe1 Re8
16.Bh4 Bg6 17.Bxg6 hxg6 18.Ng5 Nf5 19.Nxf7 Qxh4 20.Nxd6 Nxd6 21.Qd3 Qf6 {#R}
0-1

[Event "It (cat.6)"]
[Site "La Plata (Argentina)"]
[Round "2"]
[White "Giampa Alejandro (ARG)"]
[Black "Spangenberg Hugo (ARG)"]
[Result "0-1"]
[WhiteElo "2223"]
[BlackElo "2520"]

1.d4 d6 2.Nf3 Bg4 3.Nbd2 Nc6 4.c3 Nf6 5.e4 e6 6.Bd3 Be7 7.h3 Bh5 8.Qc2 Bg6
9.Nf1 d5 10.Ng3 dxe4 11.Nxe4 Qd5 12.Nxf6+ gxf6 13.Bxg6 hxg6 14.Qb3 Qe4+ 15.Be3
O-O-O 16.O-O-O Rh5 17.Rhe1 Ra5 18.a3 Qf5 19.c4 b5 20.c5 a6 21.Re2 Ra4 22.Red2
e5 23.dxe5 Rc4+ 24.Rc2 Na5 {#R} 0-1

[Event "Extra League 1998/99"]
[Site "Czech Republic"]
[Round "1"]
[White "Karlik Vladimir (CZE)"]
[Black "Pacl Vaclav (CZE)"]
[Result "0-1"]
[WhiteElo "2305"]
[BlackElo "2260"]

1.d4 d6 2.Nf3 Bg4 3.c4 Nd7 4.e4 e5 5.d5 Be7 6.Be2 Ngf6 7.Nc3 O-O 8.O-O c6
9.Ne1 Bxe2 10.Qxe2 cxd5 11.cxd5 Qb8 12.g3 Bd8 13.a4 Ba5 14.Na2 Rc8 15.b4 Bb6
16.a5 Bd4 17.Rb1 Qc7 18.Nf3 Qc2 19.Qxc2 Rxc2 20.Nxd4 exd4 21.Rb2 Rac8 22.f3
Ne5 23.Rxc2 Rxc2 24.Rf2 Nxf3+ 25.Rxf3 Rxa2 26.Bf4 Nxe4 27.Rd3 g5 28.Rxd4 Nc3
{#R} 0-1

[Event "It (open)"]
[Site "Regensburg (Germany)"]
[Round "7"]
[White "Peter Christian (GER)"]
[Black "Gerer Josef (GER)"]
[Result "0-1"]
[WhiteElo "2139"]
[BlackElo "2125"]

1.d4 d6 2.Nf3 g6 3.c3 Bg7 4.Bg5 h6 5.Bh4 Nf6 6.e3 O-O 7.Bc4 b6 8.O-O Ba6
9.Bxa6 Nxa6 10.Qa4 Qc8 11.Nbd2 Qb7 12.h3 c5 13.Rfe1 Rac8 14.Rac1 Rc7 15.Bg3
Rfc8 16.Qb5 Nb8 17.Qe2 Nbd7 18.Qf1 b5 19.b3 cxd4 20.cxd4 b4 21.Rxc7 Qxc7
22.Qb5 Qb6 23.Qd3 Nd5 24.Ra1 Qc6 25.a3 bxa3 26.Rxa3 Qc1+ {#R} 0-1

[Event "It (open)"]
[Site "Tampere (Finland)"]
[Round "5"]
[White "Kekki Jorma (FIN)"]
[Black "Lehtinen Heikki (FIN)"]
[Result "0-1"]
[WhiteElo "2185"]
[BlackElo "2190"]

1.d4 d6 2.c4 e5 3.e3 g6 4.dxe5 dxe5 5.Qxd8+ Kxd8 6.Nc3 c6 7.b3 Be6 8.Bb2 Nd7
9.O-O-O Kc7 10.f4 Bg7 11.Nf3 f6 12.Be2 Nh6 13.fxe5 Nxe5 14.Ne4 Nd7 15.Rd6 Rhe8
16.Rhd1 Rad8 17.Nf2 Nf5 18.R6d3 Nxe3 {#R} 0-1

[Event "It (open)"]
[Site "Decin (Czech Republic)"]
[Round "7"]
[White "Karlik Vladimir (CZE)"]
[Black "Lymar Irina (UKR)"]
[Result "1-0"]
[WhiteElo "2305"]
[BlackElo "2225"]

1.d4 d6 2.Nf3 g6 3.c3 Bg7 4.Bg5 Nd7 5.e4 c5 6.Bc4 Qb6 7.Qb3 Qxb3 8.Bxb3 h6
9.Bf4 cxd4 10.cxd4 Nc5 11.Bc2 Bg4 12.Nbd2 Ne6 13.Be3 g5 14.O-O Bxf3 15.Nxf3 g4
16.d5 gxf3 17.dxe6 fxe6 18.gxf3 Nf6 19.Rac1 a6 20.Bb3 Kd7 21.Bb6 Rac8 22.Ba4+
{#r} 1-0

[Event "Ch Austria"]
[Site "Werfen (Austria)"]
[Round "3"]
[White "Herndl Harald (AUT)"]
[Black "Stichlberger Martin (AUT)"]
[Result "1-0"]
[WhiteElo "2375"]
[BlackElo "2153"]

1.d4 d6 2.c4 c6 3.Nc3 e5 4.Nf3 Qc7 5.e4 Bg4 6.Be2 Nd7 7.O-O Ngf6 8.Be3 Be7
9.d5 O-O 10.Nd2 Bxe2 11.Qxe2 g6 12.b4 Nh5 13.g3 f5 14.exf5 Rxf5 15.Nde4 Ng7
16.Qd3 Nf6 17.Rfd1 Rd8 18.c5 Nfe8 19.Qc4 Kh8 20.Rd2 Qc8 21.Rad1 Rh5 22.cxd6
Nxd6 23.Nxd6 Rxd6 24.dxc6 Rxc6 25.Qf7 Qf8 26.Rd8 {#r} 1-0

[Event "It (open) (active)"]
[Site "Bastia (France)"]
[Round "5"]
[White "Elbilia Jacques (MAR)"]
[Black "Delchev Aleksander (BUL)"]
[Result "0-1"]
[WhiteElo "2360"]
[BlackElo "2575"]

1.d4 d6 2.c4 e5 3.Nf3 e4 4.Ng1 g6 5.Nc3 f5 6.Nh3 Bg7 7.g3 Nf6 8.Bg2 O-O 9.O-O
c5 10.dxc5 dxc5 11.Be3 Na6 12.f3 Be6 13.Qb3 exf3 14.Bxf3 Ng4 15.Bxg4 fxg4
16.Rxf8+ Qxf8 17.Nf4 Bf7 18.Nfd5 Nb4 19.Rf1 Re8 20.Bg5 Nxd5 21.cxd5 b6 22.d6
Bd4+ 23.e3 Rxe3 {#R} 0-1

[Event "Ch Croatia (team) (1st league)"]
[Site "Porec (Croatia)"]
[Round "9"]
[White "Jankovic Alojzije (CRO)"]
[Black "Medak Bojan (CRO)"]
[Result "1-0"]
[WhiteElo "2190"]
[BlackElo "2220"]

1.d4 d6 2.Nf3 Bg4 3.c4 Bxf3 4.exf3 e6 5.Nc3 Nf6 6.g3 c6 7.d5 exd5 8.cxd5 c5
9.Bb5+ Nfd7 10.O-O Be7 11.Re1 O-O 12.Qe2 Bf6 13.Ne4 Qc7 14.Bf4 Be5 15.Bxe5
Nxe5 16.Nxd6 Nxf3+ 17.Qxf3 Qxd6 18.Rad1 a6 19.Be8 b5 20.Qf4 Qd8 21.Qe3 c4
22.Qe7 Qb6 23.d6 Nc6 24.Qe4 Raxe8 25.Qxe8 Nd4 26.Qe3 {#r} 1-0

[Event "It (open) "]
[Site "Berlin (Germany)"]
[Round "3"]
[White "Nei Iivo (EST)"]
[Black "Kupreichik Viktor D (BLR)"]
[Result "1-0"]
[WhiteElo "2365"]
[BlackElo "2505"]

1.d4 d6 2.c4 g6 3.Nc3 Bg7 4.Nf3 Nd7 5.e3 e5 6.Be2 f5 7.Qc2 Ngf6 8.b4 O-O 9.a4
exd4 10.exd4 c5 11.Rb1 Ne4 12.O-O Nxc3 13.Qxc3 Re8 14.Re1 cxd4 15.Qb3 Nf8
16.Bb2 Ne6 17.Rbd1 a5 18.Nxd4 Nxd4 19.Bxd4 Bxd4 20.Rxd4 axb4 21.c5+ Be6 22.Bc4
Bxc4 23.Qxc4+ Kg7 24.Red1 Qe7 25.g3 Rxa4 26.Rxd6 Qe5 27.Rd7+ Re7 28.Qb5 {#r}
1-0

[Event "Staatsliga (3rd) 1997/98"]
[Site "Austria"]
[Round "7"]
[White "Elkuch Harald (LIE)"]
[Black "Mittelberger Peter (AUT)"]
[Result "0-1"]
[WhiteElo "2079"]
[BlackElo "2135"]

1.d4 d6 2.Bg5 g6 3.c3 Bg7 4.g3 Nf6 5.Bg2 Nbd7 6.e4 O-O 7.Qd2 c5 8.Na3 Rb8
9.Rd1 Qa5 10.d5 b5 11.c4 b4 12.Ne2 Nb6 13.f4 Qa6 14.e5 bxa3 15.exf6 exf6
16.Bh4 Nxc4 17.Qc3 Rxb2 18.Bf3 Re8 19.O-O Ne3 20.Rd3 Nxf1 21.Kxf1 Bh3+ 22.Kf2
f5 23.Qxa3 Bd4+ 24.Ke1 Qxa3 25.Rxa3 Bg4 26.Kf1 Rb1+ 27.Kg2 Rxe2+ {#R} 0-1

[Event "Tournament"]
[Site "Vantaa (Finland)"]
[Round "1"]
[White "Nyback Tomi (FIN)"]
[Black "Kallio Heikki (FIN)"]
[Result "0-1"]
[WhiteElo "2095"]
[BlackElo "2360"]

1.d4 d6 2.Nf3 Bg4 3.Nbd2 Nd7 4.c3 c6 5.e4 e6 6.Qc2 Ne7 7.Nc4 Nc8 8.Bd3 Bxf3
9.gxf3 Ncb6 10.Bf4 Nxc4 11.Bxc4 Qf6 12.Qd2 e5 13.dxe5 dxe5 14.Rd1 O-O-O 15.Bg5
Qxf3 16.Bxd8 Qxh1+ 17.Bf1 Qxe4+ 18.Be2 Qf5 19.h3 h5 20.Bd3 e4 {#R} 0-1

[Event "It (a)"]
[Site "Spain"]
[Round "8"]
[White "Matamoros Franco Carlos S (ECU)"]
[Black "Fernandez Siles Luis (ESP)"]
[Result "1-0"]
[WhiteElo "2462"]
[BlackElo "2227"]

1.d4 d6 2.Nf3 f5 3.Nc3 d5 4.Bf4 a6 5.e3 e6 6.Bd3 Nf6 7.Ne2 c5 8.c4 dxc4 9.Bxc4
b5 10.Bb3 c4 11.Bc2 Bb4+ 12.Nd2 Bb7 13.O-O O-O 14.b3 Nd5 15.bxc4 Nxf4 16.Nxf4
Bxd2 17.Qxd2 Rf6 18.cxb5 g5 19.Nd3 Rh6 20.Nc5 Qc7 21.f4 gxf4 22.Rxf4 axb5
23.e4 Nc6 24.Nxe6 Rxe6 25.Bb3 {#r} 1-0

[Event "Ch Poland (w)"]
[Site "Wroclaw (Poland)"]
[Round "0"]
[White "Kludacz Magdalena (POL)"]
[Black "Kuchta Danuta (POL)"]
[Result "1-0"]
[WhiteElo "2217"]
[BlackElo "2059"]

1.d4 d6 2.g3 g6 3.Bg2 Bg7 4.c4 c5 5.d5 Na6 6.Nc3 Nf6 7.Nf3 Bf5 8.Nh4 Bg4 9.h3
Bd7 10.O-O Qc8 11.Kh2 h6 12.f4 g5 13.fxg5 hxg5 14.Bxg5 Nh5 15.Qd3 Nb4 16.Qf3
f6 17.Ng6 {#r} 1-0

[Event "Ch Commonwealth"]
[Site "India"]
[Round "0"]
[White "Williams Leighton (WLS)"]
[Black "Koshy Varugeese (IND)"]
[Result "0-1"]
[WhiteElo "2280"]
[BlackElo "2358"]

1.d4 d6 2.c4 e5 3.Nf3 e4 4.Ng5 f5 5.g3 Be7 6.h4 Nf6 7.Nc3 c6 8.d5 Na6 9.b3 Nc7
10.Qd2 O-O 11.Bb2 cxd5 12.Nxd5 Nfxd5 13.cxd5 Bf6 14.O-O-O Bd7 15.Nh3 Rc8
16.Kb1 Nb5 17.Rc1 Rxc1+ 18.Qxc1 Qa5 {#R} 0-1

[Event "It (open)"]
[Site "Bad Zwesten (Germany)"]
[Round "9"]
[White "Hank Holger (GER)"]
[Black "Petiko Jakob (GER)"]
[Result "1-0"]
[WhiteElo "2063"]
[BlackElo "2148"]

1.d4 d6 2.c3 Nf6 3.g3 Nbd7 4.Bg2 e5 5.Nd2 Be7 6.e4 c6 7.Ngf3 O-O 8.O-O Re8
9.a4 Bf8 10.Re1 b6 11.Qc2 Qc7 12.b3 d5 13.exd5 Nxd5 14.Nc4 Bd6 15.Nxd6 Qxd6
16.Ba3 Qf6 17.c4 Nc7 18.Bb2 exd4 19.Nxd4 Qg5 20.Rxe8+ Nxe8 21.Re1 Bb7 22.Nxc6
Kh8 23.Ne5 {#r} 1-0

[Event "It (open)"]
[Site "Bad Zwesten (Germany)"]
[Round "7"]
[White "Heinzel Olaf (GER)"]
[Black "Voss Edgar (GER)"]
[Result "1-0"]
[WhiteElo "2305"]
[BlackElo "2102"]

1.d4 d6 2.c4 e5 3.Nf3 Nd7 4.Nc3 c6 5.g3 g6 6.Bg2 Bg7 7.O-O Ne7 8.Ne4 Nf5
9.dxe5 Nxe5 10.Nxe5 dxe5 11.Bg5 Qxd1 12.Raxd1 O-O 13.g4 Nh6 14.Be7 Re8 15.g5
Nf5 16.Nf6+ Bxf6 17.Bxf6 h6 18.gxh6 Nxh6 19.e4 Ng4 20.Bg5 f6 21.Bc1 g5 22.h4
gxh4 23.f3 f5 24.Bg5 Be6 25.fxg4 fxg4 26.Bxh4 Bxc4 27.Rf5 Bxa2 28.Rd7 {#r} 1-0

[Event "It (open)"]
[Site "Sao Paulo (Brazil)"]
[Round "4"]
[White "Aranha Filho Alvaro Z (BRA)"]
[Black "Toth Christian Endre (BRA)"]
[Result "0-1"]
[WhiteElo "2236"]
[BlackElo "2365"]

1.d4 d6 2.Bg5 c6 3.c3 Qb6 4.Qb3 e5 5.e4 Be6 6.Qxb6 axb6 7.a3 Nd7 8.Nf3 h6
9.Bh4 Be7 10.Bxe7 Kxe7 11.Nbd2 Ngf6 12.Bd3 Rhe8 13.O-O Kd8 14.Rfe1 Kc7 15.Bf1
Rad8 16.dxe5 dxe5 17.Nc4 Bg4 18.Rad1 b5 19.Ne3 Be6 20.c4 bxc4 21.Nxc4 Bg4
22.Nd6 Re7 {#R} 0-1

[Event "It (open)"]
[Site "Kassel (Germany)"]
[Round "2"]
[White "Gros Dirk (GER)"]
[Black "Reh Philipp (GER)"]
[Result "0-1"]
[WhiteElo "2114"]
[BlackElo "2174"]

1.d4 d6 2.c4 e5 3.d5 f5 4.Nc3 Nf6 5.g3 Be7 6.Bg2 O-O 7.Nh3 h6 8.Qc2 Qe8 9.Bd2
Na6 10.f4 e4 11.Nf2 Nc5 12.Nb5 Bd8 13.Nd1 Nd3+ 14.Kf1 Nc5 15.Ne3 Bd7 16.Nd4 g6
17.Kf2 a5 18.b3 c6 19.dxc6 bxc6 20.Rhd1 Bb6 21.Bc3 g5 22.fxg5 hxg5 23.Kg1 f4
24.Nf1 Qh5 {#R} 0-1

[Event "It (open)"]
[Site "Saint-Quentin (France)"]
[Round "5"]
[White "Molet Asher (FRA)"]
[Black "Nguyen-Huu Hoang (FRA)"]
[Result "1-0"]
[WhiteElo "2047"]
[BlackElo "2034"]

1.d4 d6 2.Nf3 c6 3.e4 Qc7 4.Bd3 e5 5.c4 Nd7 6.O-O Be7 7.Nc3 Ngf6 8.Re1 O-O
9.b3 Re8 10.Bb2 Nf8 11.Rc1 Ng6 12.Bf1 Bg4 13.d5 a6 14.h3 Bd7 15.Rc2 Qa5 16.Bc1
cxd5 17.cxd5 Rac8 18.Bd2 Qc7 19.Qb1 Nh5 20.g3 f5 21.Bd3 fxe4 22.Nxe4 Qb8
23.Neg5 Nf8 24.Bxh7+ {#r} 1-0

[Event "VL Ruhrgebiet 1998/99 (play-off)"]
[Site "Germany"]
[Round "0"]
[White "Blecken Volker (GER)"]
[Black "Schulenburg Pit (GER)"]
[Result "1-0"]
[WhiteElo "2232"]
[BlackElo "2264"]

1.d4 d6 2.Nf3 f5 3.Nc3 Nf6 4.Bg5 Ne4 5.Nxe4 fxe4 6.Nd2 d5 7.e3 c5 8.c4 cxd4
9.exd4 Nc6 10.Qa4 Bg4 11.h3 Bf5 12.Rc1 e3 13.fxe3 Qd6 14.Bf4 e5 15.Bxe5 Qh6
16.Bf4 g5 17.cxd5 Bb4 18.Be5 Qh4+ 19.Ke2 O-O 20.dxc6 Bg4+ 21.hxg4 Qf2+ 22.Kd3
Qxd2+ 23.Ke4 Qxc1 24.Qb3+ Rf7 25.Bc4 Qxh1 26.Bxf7+ Kf8 27.Qxb4+ Kxf7 28.Qxb7+
{#r} 1-0

[Event "Ch Aragon (team)"]
[Site "Zaragoza (Spain)"]
[Round "5"]
[White "Sarto Ramos Angel (ESP)"]
[Black "Garza Marco Sergio (ESP)"]
[Result "0-1"]
[WhiteElo "2129"]
[BlackElo "2271"]

1.d4 d6 2.Nf3 Bg4 3.Bf4 Nd7 4.Nbd2 Ngf6 5.h3 Bh5 6.c3 c6 7.g4 Bg6 8.Nh4 e5
9.Nxg6 hxg6 10.dxe5 Nd5 11.Bg3 dxe5 12.Qc2 Be7 13.Nf3 Qb6 14.Nxe5 Nxe5 15.Bxe5
O-O-O 16.e4 Ne3 17.Qe2 Bg5 18.Bg3 Rhe8 19.f3 Nxf1 20.Kxf1 Rd2 21.Qe1 Qb5+
22.Kg1 Re2 {#R} 0-1